Statistics for Countries Name in their offical language (A)

Click here to take the quiz!

General Stats

  • This quiz has been taken 19 times
  • The average score is 6 of 11

Answer Stats

EnglishOwn Language% Correct
AustraliaAustralia
100%
AndorraAndorra
95%
ArgentinaArgentina
89%
AngolaAngola
84%
Antigua and BarbudaAntigua and Barbuda
84%
AustriaOsterreich
63%
AlbaniaShqiperia
21%
AfghanistanAfghanestan
11%
AzerbaijanAzerbaycan
11%
ArmeniaHayastan
11%
AlgeriaDzayer
0%

Score Distribution

Percentile by Number Answered

Percent of People with Each Score

Your Score History

You have not taken this quiz